What Do These Two U.S. States Have in Common? - Statistics

General Stats
  • This quiz has been taken 13,109 times
  • The average score is 11 of 15
Answer Stats
Question Answer % Correct
Nevada and North Dakota Doesn't border the ocean
90%
Minnesota and Ohio Borders a Great Lake
89%
Idaho and Vermont Borders Canada
83%
Arizona and Georgia Its capital city is also its largest city
83%
Arkansas and Connecticut One of the letters in the name is silent
82%
California and Wisconsin Is a top-5 cheese producing state
81%
California and Washington Has a company worth > $1 trillion
80%
South Carolina and West Virginia Charleston is one of its 5 biggest cities
74%
Missouri and Utah Has hosted the Olympic Games
74%
Alaska and Arizona Became a state after 1900
73%
Maryland and Oklahoma Has a "panhandle"
71%
Louisiana and Michigan Its largest city was founded by the French
70%
Mississippi and Tennessee Elvis lived there
67%
Alabama and Florida Has a NASA facility
62%
New Mexico and Wyoming Capital city has an elevation over 1000 meters
60%
No matching quizzes found
Score Distribution
Percent of People with Each Score
Percentile by Number Answered
Your Score History
You have not taken this quiz